02465namaa2200481uu 4500001001000000003000600010005001700016006001900033007001500052008004100067020001800108020001800126020001800144020001800162024003100180040001700211041000800228042000700236072001500243072001600258072001600274720002400290245005900314260002700373300003100400336002600431337002600457338003600483506005100519520094100570540006301511546001201574650004301586650002201629650003601651653006901687720002601756720002601782720002401808793001801832856011601850999001701966doab94696oapen20260305123947.0m o d cr|mn|---annan221209s2023 xx |||||o ||| 0|eng d a9780367700454 a9780367700478 a9781003144366 a97810031443667 a10.4324/97810031443662doi aoapencoapen0 aeng adc 7aKC2bicssc 7aKCA2bicssc 7aKCL2bicssc1 aDallago, Bruno4edt00aThe Routledge Handbook of Comparative Economic Systems bTaylor & Francisc2023 a1 online resource (782 p.) atextbtxt2rdacontent acomputerbc2rdamedia aonline resourcebcr2rdacarrier0 aFree-to-readfUnrestricted online access2star aThe 2020 pandemic and likely even more the renewed East-West clash epitomized by the Russian invasion of Ukraine and the West's reaction to it. The handbook is divided into five parts. Each part deals with an issue of relevance for the discipline. The first and second parts look at the subject, content and approach of the discipline and its comparative method. The third part looks at the idiosyncratic nature of different economic systems and their constituent elements. The fourth part considers the outcomes that different economic systems generate and how these outcomes change following the evolution and transformation of economic systems. The last part takes stock and looks ahead at the challenges, from a theoretical and applied perspective, and the exogenous and endogenous factors promoting the advancement of the discipline, including the interaction between and competition among varied approaches and opposing paradigms. aAll rights reserveduhttp://oapen.org/content/about-rights aEnglish 7aEconomic theory and philosophy2bicssc 7aEconomics2bicssc 7aInternational economics2bicssc aeconomics; international economics; economic theory & philosophy1 aCasagrande, Sara4edt1 aCasagrande, Sara4oth1 aDallago, Bruno4oth0 aDOAB Library.40uhttps://directory.doabooks.org/handle/20.500.12854/9469670zFree-to-read: DOAB: description of the publication c92791d92791